01497nam a2200313 a 450000100060000000300080000600500170001400800410003103500190007204000270009104100080011808200210012610000330014724501510018025000220033126000650035330000200041849000390043850400200047765000240049770000380052183000470055994200120060699900170061895201370063595201370077295201370090995201370104634265BD-RjUL20211209052129.0190106r19651925enk 001 0 eng d a(BD-RjUL)34359 aANLbengcANLdBD-RjUL aeng04a060.42bLAS 19651 aLambourn, Eleanor O.910415912aA simple guide to committee procedure and the work of the officers of a society or club /cby Eleanor O Lambourn ; with a foreword by Dorothy wood arev. and enl. ed. aLondon :bGeorge Allen & Unwin Ltd.,c1925 [Impression 1965] a64 p. ;c17 cm. aPractical handbook series;v no. 6 aIncludes index. 0aCommittees.9104160 awood, Dorothy, foreworder9226782 aPractical handbook series;v no. 69226783 2ddccBK c34265d34265 00102ddc40718RAREaRUCLbRUCLcRared1969-09-09eZeitlingerg5.00l0o060.42 LAS 1965r2014-05-15 00:00:00tC-1w2021-12-09yRAR 00102ddc40708NFICaRUCLbRUCLcStackd1969-09-09eZeitlingerg5.00l0o060.42 LAS 1965r2014-05-18 00:00:00tC-3w2021-12-09yBK 00102ddc40708NFICaRUCLbRUCLcStackd1969-09-09eZeitlingerg5.00l0o060.42 LAS 1965r2014-05-19 00:00:00tC-2w2021-12-09yBK 00102ddc40708NFICaRUCLbRUCLcStackd1969-09-09eZeitlingerg5.00l0o060.42 LAS 1965r2019-01-06 00:00:00tC-4w2021-12-09yBK